<?xml version="1.0" encoding="UTF-8"?>
<record
    xmlns:xsi="http://www.w3.org/2001/XMLSchema-instance"
    xsi:schemaLocation="http://www.loc.gov/MARC21/slim http://www.loc.gov/standards/marcxml/schema/MARC21slim.xsd"
    xmlns="http://www.loc.gov/MARC21/slim">

  <leader>00578nam a22001817a 4500</leader>
  <controlfield tag="005">20161128090223.0</controlfield>
  <controlfield tag="008">161124b        mx ||||| |||| 00| 0 spa d</controlfield>
  <datafield tag="020" ind1=" " ind2=" ">
    <subfield code="a">9786076101322</subfield>
  </datafield>
  <datafield tag="050" ind1="0" ind2="4">
    <subfield code="a">KGF2921</subfield>
    <subfield code="b">J56 2014</subfield>
  </datafield>
  <datafield tag="100" ind1="1" ind2=" ">
    <subfield code="a">J&#xED;menez Mart&#xED;nez, Javier</subfield>
  </datafield>
  <datafield tag="245" ind1="1" ind2="4">
    <subfield code="a">Los medios de control constitucional /</subfield>
    <subfield code="c">Javier J&#xED;menez Mart&#xED;nez.</subfield>
  </datafield>
  <datafield tag="250" ind1=" " ind2=" ">
    <subfield code="a">2a ed.</subfield>
  </datafield>
  <datafield tag="260" ind1=" " ind2=" ">
    <subfield code="a">M&#xE9;xico :</subfield>
    <subfield code="b">Flores Editor y Distribuidor,</subfield>
    <subfield code="c">2014</subfield>
  </datafield>
  <datafield tag="300" ind1=" " ind2=" ">
    <subfield code="a">xxvii, 187 p. ;</subfield>
    <subfield code="c">23 cm.</subfield>
  </datafield>
  <datafield tag="504" ind1=" " ind2=" ">
    <subfield code="a">Bibliograf&#xED;a : p. 183-187.</subfield>
  </datafield>
  <datafield tag="650" ind1=" " ind2="7">
    <subfield code="2">lemb</subfield>
    <subfield code="a">Derecho constitucional</subfield>
    <subfield code="z">M&#xE9;xico</subfield>
  </datafield>
  <datafield tag="942" ind1=" " ind2=" ">
    <subfield code="2">lcc</subfield>
    <subfield code="c">LIB</subfield>
  </datafield>
  <datafield tag="999" ind1=" " ind2=" ">
    <subfield code="c">122164</subfield>
    <subfield code="d">122164</subfield>
  </datafield>
  <datafield tag="952" ind1=" " ind2=" ">
    <subfield code="1">0</subfield>
    <subfield code="2">lcc</subfield>
    <subfield code="4">0</subfield>
    <subfield code="7">0</subfield>
    <subfield code="a">CGED-NCH</subfield>
    <subfield code="b">CGED-NCH</subfield>
    <subfield code="c">GENERAL</subfield>
    <subfield code="d">2016-11-24</subfield>
    <subfield code="e">PROFOCIE-2014</subfield>
    <subfield code="f">2a ed.</subfield>
    <subfield code="k">CSA</subfield>
    <subfield code="o">KGF2921 J56 2014</subfield>
    <subfield code="p">CGED-NCH000000101</subfield>
    <subfield code="r">2016-11-24 00:00:00</subfield>
    <subfield code="t">1</subfield>
    <subfield code="y">LIB</subfield>
  </datafield>
  <datafield tag="952" ind1=" " ind2=" ">
    <subfield code="1">0</subfield>
    <subfield code="2">lcc</subfield>
    <subfield code="4">0</subfield>
    <subfield code="7">0</subfield>
    <subfield code="a">CGED-NU</subfield>
    <subfield code="b">CGED-NU</subfield>
    <subfield code="c">GENERAL</subfield>
    <subfield code="d">2016-11-28</subfield>
    <subfield code="e">PROFOCIE-2014</subfield>
    <subfield code="f">2a</subfield>
    <subfield code="k">CSA</subfield>
    <subfield code="o">KGF2921 J56 2014</subfield>
    <subfield code="p">CGED-NU000000158</subfield>
    <subfield code="r">2016-11-28 00:00:00</subfield>
    <subfield code="t">1</subfield>
    <subfield code="y">LIB</subfield>
  </datafield>
  <datafield tag="952" ind1=" " ind2=" ">
    <subfield code="1">0</subfield>
    <subfield code="2">lcc</subfield>
    <subfield code="4">0</subfield>
    <subfield code="7">0</subfield>
    <subfield code="a">CGED-NZ</subfield>
    <subfield code="b">CGED-NZ</subfield>
    <subfield code="c">GENERAL</subfield>
    <subfield code="d">2016-11-29</subfield>
    <subfield code="e">PROFOCIE-2014</subfield>
    <subfield code="f">2a ed.</subfield>
    <subfield code="k">CSA</subfield>
    <subfield code="o">KGF2921 J56 2014</subfield>
    <subfield code="p">CGED-NZ000000104</subfield>
    <subfield code="r">2016-11-29 00:00:00</subfield>
    <subfield code="t">C : 1</subfield>
    <subfield code="y">LIB</subfield>
  </datafield>
  <datafield tag="952" ind1=" " ind2=" ">
    <subfield code="1">0</subfield>
    <subfield code="2">lcc</subfield>
    <subfield code="4">0</subfield>
    <subfield code="7">0</subfield>
    <subfield code="a">CGED-NCO</subfield>
    <subfield code="b">CGED-NCO</subfield>
    <subfield code="c">GENERAL</subfield>
    <subfield code="d">2016-11-29</subfield>
    <subfield code="e">PROFOCIE-2014</subfield>
    <subfield code="f">2a ed.</subfield>
    <subfield code="k">CSA</subfield>
    <subfield code="o">KGF2921 J56 2014</subfield>
    <subfield code="p">CGED-NCO000000117</subfield>
    <subfield code="r">2016-11-29 00:00:00</subfield>
    <subfield code="t">1</subfield>
    <subfield code="y">LIB</subfield>
  </datafield>
  <datafield tag="952" ind1=" " ind2=" ">
    <subfield code="1">0</subfield>
    <subfield code="2">lcc</subfield>
    <subfield code="4">0</subfield>
    <subfield code="7">0</subfield>
    <subfield code="a">CGED-NZA</subfield>
    <subfield code="b">CGED-NZA</subfield>
    <subfield code="c">GENERAL</subfield>
    <subfield code="d">2016-12-01</subfield>
    <subfield code="e">PROFOCIE-2014</subfield>
    <subfield code="f">2a ed.</subfield>
    <subfield code="k">CSA</subfield>
    <subfield code="o">KGF2921 J56 2014</subfield>
    <subfield code="p">CGED-NZA000000060</subfield>
    <subfield code="r">2016-12-01 00:00:00</subfield>
    <subfield code="t">1</subfield>
    <subfield code="y">LIB</subfield>
  </datafield>
  <datafield tag="952" ind1=" " ind2=" ">
    <subfield code="1">0</subfield>
    <subfield code="2">lcc</subfield>
    <subfield code="4">0</subfield>
    <subfield code="7">0</subfield>
    <subfield code="a">CGED-NAR</subfield>
    <subfield code="b">CGED-NAR</subfield>
    <subfield code="c">GENERAL</subfield>
    <subfield code="d">2016-12-02</subfield>
    <subfield code="e">PROFOCIE-2014</subfield>
    <subfield code="f">2a</subfield>
    <subfield code="k">CSA</subfield>
    <subfield code="o">KGF2921 J56 2014</subfield>
    <subfield code="p">CGED-NAR000000079</subfield>
    <subfield code="r">2016-12-02 00:00:00</subfield>
    <subfield code="t">1</subfield>
    <subfield code="y">LIB</subfield>
  </datafield>
  <datafield tag="952" ind1=" " ind2=" ">
    <subfield code="1">0</subfield>
    <subfield code="2">lcc</subfield>
    <subfield code="4">0</subfield>
    <subfield code="7">0</subfield>
    <subfield code="a">CGED-NLP</subfield>
    <subfield code="b">CGED-NLP</subfield>
    <subfield code="c">GENERAL</subfield>
    <subfield code="d">2016-12-05</subfield>
    <subfield code="e">PROFOCIE-2014</subfield>
    <subfield code="f">2a ed.</subfield>
    <subfield code="k">CSA</subfield>
    <subfield code="o">KGF2921 J56 2014</subfield>
    <subfield code="p">CGED-NLP000000071</subfield>
    <subfield code="r">2016-12-05 00:00:00</subfield>
    <subfield code="t">C:1</subfield>
    <subfield code="y">LIB</subfield>
  </datafield>
  <datafield tag="952" ind1=" " ind2=" ">
    <subfield code="1">0</subfield>
    <subfield code="2">lcc</subfield>
    <subfield code="4">0</subfield>
    <subfield code="7">0</subfield>
    <subfield code="a">CGED-NADR</subfield>
    <subfield code="b">CGED-NADR</subfield>
    <subfield code="c">GENERAL</subfield>
    <subfield code="d">2016-12-05</subfield>
    <subfield code="e">PROFOCIE-2014</subfield>
    <subfield code="f">2a</subfield>
    <subfield code="k">CSA</subfield>
    <subfield code="o">KGF2921 J56 2014</subfield>
    <subfield code="p">CGED-NADR000000075</subfield>
    <subfield code="r">2016-12-05 00:00:00</subfield>
    <subfield code="t">1</subfield>
    <subfield code="y">LIB</subfield>
  </datafield>
</record>
